Responses for show #2958 - Wednesday, June 11, 1997

Arthur Phillips game 2.

Contestants

[<< previous game]

Girish Bhat, a conservationist from Madison, Wisconsin

Sheri Gravett, a professor from Valdosta, Georgia

Arthur Phillips, a speechwriter from Boston, Massachusetts (whose 1-day cash winnings total $9,601)

[next game >>]

Jeopardy! Round responses

GREAT RULERS
U.S. CITIES
CULINARY NICKNAMES
SPORTSWRITERS
4-LETTER WORDS
ANGEL POTPOURRI
    $100 1
Christianity

Sheri
    $100 6
Trenton

Arthur
    $100 21
(Girish: What is lime juice?)

chicken soup

SheriGirish
    $100 26
the locker room (or the dressing room)

Arthur
    $100 11
ajar

Arthur
    $100 16
(Arthur: What is "Get thee to a nunnery"?)

"Good night, sweet prince"

ArthurSheri
    $200 2
an actress

Arthur
    $800 7
(Alex: The Space Needle with the wheel from Wheel of Fortune painted on the roof.)

Seattle

Arthur
    $200 22
peanut butter & jelly

Arthur
    $200 27
Boston Red Sox

Sheri
    $200 12
an icon

Arthur
    $200 17
(Girish: What are groups?)

choirs

SheriGirish
    $300 3
Peter the Great

Girish
    $300 8
Richmond

Arthur
    $300 23
eggs

Sheri
    $300 28
cricket

Girish
    $300 13
the yeti

Arthur
    $300 18
(Arthur: What is "Are You An Angel?")

"How Do You Talk To An Angel?"

Arthur
Triple Stumper
    $400 4
Herod (the Great)

Sheri
    $400 9
Pittsburgh

Girish
    $400 24
sauerkraut

Arthur
    $400 29
(Sheri: What is GQ?)

Esquire

ArthurSheri
    $400 14
an epée

Sheri
    $400 19
Jacob

Girish
    $500 5
Alfred the Great

Arthur
    $500 10
Palm Beach

Triple Stumper
    $500 25
comfort food

Sheri
    $500 30
The Boys of Summer

Triple Stumper
    $500 15
the coda

Girish
    $500 20
Della Reese

Sheri

Scores at the first commercial break (after clue 15):

Arthur Sheri Girish
$2,500 $900 $1,200

Scores at the end of the Jeopardy! Round:

Arthur Sheri Girish
$3,200 $2,400 $1,600

Double Jeopardy! Round responses

18th CENTURY WOMEN
TECHNOLOGY
LITERATURE
INTERNATIONAL ACTORS
COLLEGES & UNIVERSITIES
ORATORY
    $200 12
being a witch (practicing witchcraft)

Sheri
    $200 1
(Girish: What are surgeons?)

robots

ArthurGirish
    $200 2
Oliver Twist

Arthur
    $200 7
Cuba

Girish
    $200 17
Las Vegas

Sheri
    $200 22
Abraham Lincoln

Arthur
    $400 13
Declaration of Independence

Sheri
    $400 27
bioengineering

Girish
    $400 3
Rudyard Kipling

Arthur
    $400 8
(Alex: I love the way you say that!)
(Arthur: Thank you!)

Ricardo Montalban

Arthur
    $400 18
Oral Roberts University

Sheri
    $400 23
(Girish: Who is Gene Tunney?)

Muhammad Ali (Cassius Clay)

ArthurGirish
    $600 14
Charlotte Corday

Sheri
    $600 28
acrylics

Triple Stumper
    $600 4
The Pilgrim's Progress

Sheri
    $600 9
Richard Harris

Sheri
    $600 19
(Girish: What is Durham?)

Duke University

SheriGirish
    $600 24
Susan B. Anthony

Arthur
    $800 15
Martha Washington

Girish
    $800 29
(Girish: What is IBM?)

Cray Research Company

Girish
    $800 5
(Sheri: What is Portnoy's Complaint?)

Goodbye, Columbus

ArthurSheri
    $800 10
Jim Carrey

Sheri
    $500 20
Amherst

Sheri
    $800 25
Robespierre

Arthur
    $1000 16
Haiku

Sheri
    $1000 30
Luddites

Sheri
    $1000 6
USA

Sheri
    $1000 11
(Sheri: Who is Alain Delon?)
...
(Alex: Sheri, that was probably your second choice.)

Jean-Paul Belmondo

Sheri
Triple Stumper
    $1000 21
John C. Calhoun

Sheri
    $1000 26
Cicero

Sheri

Scores at the end of the Double Jeopardy! Round:

Arthur Sheri Girish
$7,200 $10,500 $1,000

[wagering suggestions for these scores]

Final Jeopardy! Round responses

THE 1930s
(Alex: None of these players were alive in the 1930s!)
GirishWhat are his New Deal Policies?
$500
ArthurWhat are BANKS?
$600
SheriWhat were savings bonds?
$3,901
banks

Final scores:

Arthur Sheri Girish
$7,800 $6,599 $500
2-day champion: $17,401 2nd place: a trip to the Marriott at Sawgrass Resort, Ponte Vedra Beach, Florida 3rd place: a pair of Belair C Pearl Lithium 2000 watches

Game dynamics:

Coryat scores:

Arthur Sheri Girish
$6,600 $10,800 $1,800
21 R
(including 1 DD),
2 W
25 R
(including 1 DD),
3 W
8 R,
6 W
(including 1 DD)

Combined Coryat: $19,200

The J! Archive is created by fans, for fans. The Jeopardy! game show and all elements thereof, including but not limited to copyright and trademark thereto, are the property of Jeopardy Productions, Inc. and are protected under law. This website is not affiliated with, sponsored by, or operated by Jeopardy Productions, Inc. Join the discussion at JBoard.tv.